000 00558nam a2200169Ia 4500
003 GCL
008 140319s9999 xx 000 0 ara d
040 _aGCL /
_cGCL
082 0 4 _a211
_bع ت
100 1 _aعبدالله ابراهيم الانصارى
245 1 0 _aتنوير البصيرة بيان علامات الكبيرة /
_cعبدالله ابراهيم الانصارى
260 _a[S.N] :
_bمكتبة الايمان للطبع والنشر والتوزيع
300 _a63ص
490 _a
650 0 4 _aالاسلام
942 _2ddc
_cBK
999 _c53590
_d53590